<?xml version="1.0" encoding="UTF-8"?>
<marc:record xmlns:marc="http://www.loc.gov/MARC21/slim">
   <marc:leader>00000nam a2200000 a 4500</marc:leader>
   <marc:datafield ind1="1" ind2=" " tag="100">
      <marc:subfield code="a">FRIESE, Inka</marc:subfield>
   </marc:datafield>
   <marc:datafield ind1="1" ind2=" " tag="100">
      <marc:subfield code="a">SCHARGAN, Constanze</marc:subfield>
   </marc:datafield>
   <marc:datafield ind1=" " ind2=" " tag="653">
      <marc:subfield code="a">Bilderbuch</marc:subfield>
   </marc:datafield>
   <marc:datafield ind1=" " ind2=" " tag="653">
      <marc:subfield code="a">Bauernhof</marc:subfield>
   </marc:datafield>
   <marc:datafield ind1=" " ind2=" " tag="653">
      <marc:subfield code="a">Sachbilderbuch</marc:subfield>
   </marc:datafield>
   <marc:datafield ind1="0" ind2="0" tag="245">
      <marc:subfield code="a">Entdecke den Bauernhof</marc:subfield>
   </marc:datafield>
   <marc:datafield ind1="0" ind2="0" tag="245">
      <marc:subfield code="b">mit über 600 Geräuschen und Texten ; 4 - 7 Jahre ; [Starter-Set mit Stift und Buch]</marc:subfield>
   </marc:datafield>
   <marc:datafield ind1="0" ind2="0" tag="245">
      <marc:subfield code="c">Ill.: Constanze Schargan. Text: Inka Friese</marc:subfield>
   </marc:datafield>
   <marc:datafield ind1=" " ind2="1" tag="264">
      <marc:subfield code="a">Ravensburg</marc:subfield>
      <marc:subfield code="b">Ravensburger</marc:subfield>
      <marc:subfield code="c">2017</marc:subfield>
   </marc:datafield>
   <marc:datafield ind1=" " ind2=" " tag="250">
      <marc:subfield code="a">8</marc:subfield>
   </marc:datafield>
   <marc:datafield ind1="1" ind2=" " tag="520">
      <marc:subfield code="a">Hier kommen Tierliebhaber und Technikfans gleichermaßen auf ihre Kosten. Lebensechte Geräusche und faszinierende Bilder vermitteln spielerisch Grundwissen über Tiere, Pflanzen und Maschinen auf dem Bauernhof. Suchspiele, Kinderlieder und eine kunterbunte Wimmelseite laden zum Entdecken und Ausprobieren ein.</marc:subfield>
   </marc:datafield>
   <marc:datafield ind1=" " ind2=" " tag="500">
      <marc:subfield code="a">Systemvoraussetzungen des Hörstifts: PC oder Mac mit Intel x86-kompatiblem Prozessor, Windows (XP/Vista/Windows 7 oder neuer) oder Mac OS (ab 10.6), USB-Anschluss, Internetverbindung (DSL empfohlen), Bildschirmauflösung mindestens 800 x 600 Pixel, mindest</marc:subfield>
   </marc:datafield>
   <marc:datafield ind1="0" ind2=" " tag="490">
      <marc:subfield code="v">Band 1.</marc:subfield>
   </marc:datafield>
   <marc:datafield ind1=" " ind2=" " tag="300">
      <marc:subfield code="a">16 ungezählte Seiten : Illustrationen ; 28 cm, in Behältnis 27 x 37 x 6 cm + 1 Tiptoi-Hörstift, 1 USB-Kabel, Bedienungsanleitung (11 Seiten), Anleitung zur Aktivierung des Hörstifts (1 Blatt)</marc:subfield>
   </marc:datafield>
</marc:record>
